| Поле | Инд. | ПП | Название | Значение |
|---|---|---|---|---|
| Тип записи | a | |||
| Библиографический уровень | m | |||
| 001 | Контрольный номер | bfd745b8-6782-4467-b8d4-36a371533087 | ||
| 005 | Дата корректировки | 20140703174414.6 | ||
| 008 | Кодируемые данные | 090126 | ||
| 020 | c | Цена, тираж | 120.00 | |
| a | ISBN | 978-5-9221-0844-7 | ||
| 040 | a | Служба первич. каталог. | НБ ТвГУ | |
| 041 | a | Код языка текста | rus | |
| 080 | a | Индекс УДК | 52 | |
| 084 | a | Индекс другой классификации/Индекс ББК | В6 | |
| 090 | a | Полочн. индекс | В6 | |
| x | Авторский знак | Н 39 | ||
| 100 | a | Автор | Куимов Константин Владиславович | |
| q | Полное имя | Куимов К. В. | ||
| 245 | 00 | a | Заглавие | Небо и телескоп |
| c | Ответственность | ред.-сост. В. Г. Сурдин | ||
| 260 | 0_ | a | Место издания | Москва |
| b | Издательство | ФИЗМАТЛИТ | ||
| c | Дата издания | 2008 | ||
| 300 | a | Объем | 422,[1] с. | |
| b | Иллюстрации/ тип воспроизводства | ил., табл. | ||
| 440 | a | Серия | Астрономия и астрофизика | |
| n | Номер части | Кн. 1 | ||
| 504 | a | Библиография | Библиогр. в конце гл. | |
| 583 | a | Действие | Получение впервые 4 23.01.2009 | |
| k | Исполнитель действия | Дар РГГУ | ||
| 650 | a | Основная рубрика | Астрономия | |
| 650 | 14 | a | Основная рубрика | Астрономические приборы |
| 650 | 14 | a | Основная рубрика | Астрометрия |
| 650 | 14 | a | Основная рубрика | Астрофизика |
| 653 | a | Ключевые слова | Астрометрия | |
| a | Ключевые слова | Астрономические приборы | ||
| a | Ключевые слова | Астрономия | ||
| a | Ключевые слова | Астрофизика | ||
| a | Ключевые слова | Внеатмосферная астрономия | ||
| a | Ключевые слова | Время | ||
| a | Ключевые слова | Календарь | ||
| a | Ключевые слова | Небесные координаты | ||
| a | Ключевые слова | Оптическая астрономия | ||
| a | Ключевые слова | Радиоастрономия | ||
| a | Ключевые слова | Телескопы | ||
| 666 | a | К рн | ||
| 700 | a | Другие авторы | Курт Владимир Гдалевич | |
| q | Полное имя | Курт, В. Г. | ||
| 700 | 1_ | a | Другие авторы | Рудницкий Георгий Михайлович |
| q | Полное имя | Рудницкий, Г. М. | ||
| 700 | 1_ | a | Другие авторы | Сурдин Владимир Георгиевич |
| q | Полное имя | Сурдин, В. Г. | ||
| 700 | 1_ | a | Другие авторы | Теребиж Валерий Юзефович |
| q | Полное имя | Теребиж, В. Ю. | ||
| 852 | t | Порядковый номер экземпляра | 1 | |
| p | Инвентарный номер | 925514 | ||
| 863 | t | 00186230 | ||
| 888 | a | Бесплатные | ||
| 920 | a | Оператор | Густ | |
| 952 | p | 4.2009 120.00 1 925514 | ||
| 954 | a | Дата поступления на обработку | 20090910 | |
| 999 | a | Подразделение 2 | Фил3 |